Practical recording techniques / (Record no. 7549)
[ view plain ]
| 000 -LEADER | |
|---|---|
| fixed length control field | 01320cam a2200193 a 4500 |
| 020 ## - INTERNATIONAL STANDARD BOOK NUMBER | |
| ISBN | 0240804732 (pbk. : alk. paper) |
| 050 00 - CALL NUMBER | |
| Classification number | TK7881.6 |
| Item number | .B23 |
| 100 1# - AUTHOR | |
| Personal name | Bartlett, Bruce.(ed.) |
| 245 10 - TITLE | |
| Title | Practical recording techniques / |
| Statement of responsibility, etc | Bruce Bartlett, Jenny Bartlett. |
| 250 ## - EDITION | |
| Edition statement | 3rd ed. |
| 260 ## - PUBLICATION INFORMATION | |
| Place of publication | Boston, MA : |
| Name of publisher | Focal Press, |
| Year of publication | 2002. |
| 300 ## - DESCRIPTION | |
| Number of Pages | xxvii, 559 p. : |
| Other physical details | ill. ; |
| Dimensions | 24 cm. |
| 500 ## - NOTES | |
| General note | Includes index. |
| 505 ## - FORMATTED CONTENTS NOTE | |
| Table of Content | The Recording Chain --<br/>Equipping Your Studio --<br/>Sound, Signals, and Studio Acoustics --<br/>Monitoring --<br/>Hum Prevention --<br/>Microphones --<br/>Microphone-Technique Basic --<br/>Microphone Techniques --<br/>Analog Tape Recording --<br/>Digital Recording and Editing --<br/>Signal Processors and Effects --<br/>Recorder-Mixers and Mixing Consoles --<br/>Operating the Multitrack Recorder and Mixer --<br/>Session Procedures --<br/>Recording the Spoken Word --<br/>The MIDI Studio: Equipment and Procedures --<br/>On-Location Recording of Popular Music --<br/>On-Location Recording of Classical Music --<br/>Judging Sound Quality --<br/>Surround-Sound Techniques and Media, DVD, and Super Audio CD --<br/>Putting your music on the web --<br/>Music Audio for the Internet Music: Why You Record. |
| 650 #0 - SUBJECTS | |
| Topical Term | Magnetic recorders and recording |
| 650 #0 - SUBJECTS | |
| Topical Term | Sound |
| General subdivision | Recording and reproducing |
| 700 1# - OTHER AUTHORS | |
| Personal name | Bartlett, Jenny.(ed.) |
| 942 ## - ADDED ENTRY ELEMENTS (KOHA) | |
| Koha item type | Books |
| Withdrawn status | Lost status | Collection code | Home library | Current library | Shelving location | Date acquired | Full call number | Accession Number | Koha item type |
|---|---|---|---|---|---|---|---|---|---|
| Reference | Methodist University Library Main | Methodist University Library Main | General Stacks | 28/12/2013 | TK7881.6 .B23 | 39172 | Books |